Campaña de prevención de incendios forestales : normas y seguridad en el monte : prevención de incendios : año 1968 / Diputación Provincial de Barcelona. Servicio Provincial de Extinción de Incendios normas y seguridad en el monte :

Publicat: Barcelona : [el Servei] , 1968
Descripció física: 1 map. pleg. de la prov. de Barcelona amb signes convencionals sobre extinció d'incendis ; 75 x 100 cm

MARC

LEADER 00000nam a2200000Ia 4500
001 9692
008 160829s1968 xx 000 0 cat d
080 |a FU-24-19 
110 1 |a Barcelona (Catalunya : Província).  |b Servicio Provincial de Extinción de Incendios  |9 54956 
245 |a Campaña de prevención de incendios forestales :  |b  normas y seguridad en el monte :  |b  prevención de incendios :  |b  año 1968 / Diputación Provincial de Barcelona. Servicio Provincial de Extinción de Incendios 
260 |a Barcelona :  |b [el Servei],  |c 1968 
300 |a 1 map. pleg. de la prov. de Barcelona amb signes convencionals sobre extinció d'incendis ;  |c 75 x 100 cm 
650 |a Incendis  |x Prevenció  |x Barcelona (Província)  |9 42932 
901 |a Arxiu 
942 |n 1 
952 |0 0  |1 0  |4 0  |6 FU2419  |7 1  |9 42514  |a Arxiu  |b Arxiu  |d 2016-12-01  |l 0  |o FU-24-19  |p 9692  |r 2016-12-01 00:00:00  |w 2016-12-01  |y ARXIU 
999 |c 45019  |d 45019